000 00875nas a2200265 4500
001 BR0202089
003 BR-BrBNA
005 20231205102911.0
007 ta
008 230509b bl.|||p| |||| 00| 00por d
040 _aBR-BrBNA
_bpor
_cBiblioteca Nacional de Agricultura
041 _a(Pt)
072 _aK10; J10
100 1 _aPerez, S.C.J.G. de A.
100 1 _aNegreiros, G. de F.
245 1 _aEfeitos do pré-condicionamento na viabilidade e no vigor de sementes de canafístula (Peltophorum dubium (Spreng.)Taub.>em condições de estresse
650 _aCANAFÍSTULA
650 _aSEMENTE
650 _aTESTE DE VIGOR
650 _aGERMINAÇÃO
650 _aARMAZENAMENTO
773 0 _tRevista Brasileira de Sementes (Brazil)
_xISSN 0101-3122
_g(2001), v. 23(1) p. 175-183
_wBR0202089
909 _a202311
_bLúcia
_c55
_dLúcia Elande
942 _2AGRIS
_n0
_cANA
999 _c169973
_d169973